[Event "Plymouth (MI Op/7/1)"]
[Site "?"]
[Date "1984.??.??"]
[Round "?"]
[White "Jarosz, Stan"]
[Black "O'Donnell, Robert"]
[Result "0-1"]
[WhiteElo "2035"]
[BlackElo "2310"]
[PlyCount "86"]
[EventDate "1984.??.??"]

{7/(1)} 1. d4 d5 2. c4 e6 3. Nc3 c6 4. e3 Nf6 5. Nf3 Nbd7 6. Bd3 dxc4 7. Bxc4
b5 8. Bd3 Bb7 9. e4 b4 10. Ne2 c5 11. Ng3 cxd4 12. Nxd4 Bc5 13. Nb3 Qb6 14. Qe2
O-O 15. O-O Ne5 16. Nxc5 Qxc5 17. Be3 Qa5 18. Rfd1 Nxd3 19. Qxd3 Rad8 20. Qc4
Rc8 21. Qb3 Ng4 22. Rd7 Qb5 23. Qd3 Qxd3 24. Rxd3 Nxe3 25. fxe3 Rfd8 26. Rad1
Rxd3 27. Rxd3 Rc1+ 28. Kf2 Rc2+ 29. Kf3 g6 30. Rb3 a5 31. a3 Ba6 32. axb4 Bc4
33. Ra3 axb4 34. Ra8+ Kg7 35. b3 Bxb3 36. Rb8 Rb2 37. e5 Bd5+ 38. e4 Bc4 39. h4
b3 40. Rb4 Rc2 41. h5 b2 42. hxg6 Rc3+ 43. Kf2 Rb3 0-1

[Event "Plymouth (MI Op/3/22)"]
[Site "?"]
[Date "1984.??.??"]
[Round "?"]
[White "Jarosz, Stan"]
[Black "Neely, Richard"]
[Result "1-0"]
[WhiteElo "2035"]
[BlackElo "1605"]
[PlyCount "97"]
[EventDate "1984.??.??"]

{3/(22)} 1. d4 Nf6 2. c4 c5 3. Nf3 d6 4. Nc3 g6 5. e4 cxd4 6. Nxd4 Bg7 7. Be2
O-O 8. O-O a6 9. Be3 Nbd7 10. Qd2 Nc5 11. f3 Qc7 12. b4 Ne6 13. Nd5 Nxd5 14.
cxd5 Nd8 15. Rac1 Qb8 16. Qc2 e6 17. dxe6 Nxe6 18. Nxe6 Bxe6 19. a4 d5 20. exd5
Bxd5 21. Rfd1 Be6 22. b5 axb5 23. Bxb5 Rc8 24. Qd2 Rxc1 25. Rxc1 Be5 26. h3
Bh2+ 27. Kh1 Be5 28. Bd7 Bxd7 29. Qxd7 Qe8 30. Qxe8+ Rxe8 31. a5 Bb2 32. Rb1
Rxe3 33. Rxb2 Re7 34. Kg1 Kf8 35. Kf2 Ke8 36. Re2 Kd7 37. Rxe7+ Kxe7 38. Ke3
Kd6 39. Kd4 f5 40. f4 Kc6 41. Kc4 b6 42. axb6 Kxb6 43. Kd5 Kb5 44. h4 Kb4 45.
h5 Kc3 46. hxg6 hxg6 47. Ke5 Kd3 48. Kf6 Ke4 49. g3 1-0

[Event "East Detroit (MCO/2/13)"]
[Site "?"]
[Date "1984.??.??"]
[Round "?"]
[White "Jarosz, Stan"]
[Black "Johnson, C.."]
[Result "1/2-1/2"]
[WhiteElo "2030"]
[BlackElo "1755"]
[PlyCount "129"]
[EventDate "1984.??.??"]

{2/(13)} 1. d4 d5 2. c4 e5 3. dxe5 d4 4. Nf3 c5 5. e3 Nc6 6. Be2 Bf5 7. a3 Qd7
8. exd4 cxd4 9. Bd3 Rd8 10. O-O a5 11. b3 Nge7 12. Bb2 Ng6 13. Re1 Nf4 14. Bxf5
Qxf5 15. Nh4 Qg5 16. g3 d3 17. Nd2 Ne2+ 18. Kh1 Nxe5 19. f4 Qh5 20. Bxe5 f6 21.
Bb2 h6 22. Ndf3 Kf7 23. Rxe2 g5 24. Nxg5+ hxg5 25. Rd2 gxh4 26. Qxh5+ Rxh5 27.
Kg2 hxg3 28. hxg3 Bc5 29. Rad1 Rdh8 30. Kf3 Rh2 31. Bc3 Bxa3 32. Bxa5 Bc5 33.
Rxh2 Rxh2 34. Rxd3 b6 35. Bc3 f5 36. Bd4 Ke6 37. Bxc5 bxc5 38. Rd5 Rb2 39. Rxc5
Rxb3+ 40. Kg2 Rc3 41. Re5+ Kf6 42. c5 Rc2+ 43. Kh3 Rc3 44. Kh4 Rc4 45. Rd5 Rc1
46. Rd6+ Ke7 47. Rc6 Kd7 48. Rg6 Rxc5 49. Kg5 Ke7 50. Ra6 Rc3 51. Kh4 Kf7 52.
Ra5 Kf6 53. Kh3 Kg6 54. Re5 Kf6 55. Kg2 Ra3 56. Kf2 Rb3 57. Re3 Rb2+ 58. Kf3
Ra2 59. Rd3 Ra6 60. Ke3 Re6+ 61. Kd4 Re4+ 62. Kd5 Kg6 63. Rf3 Kh5 64. Rd3 Kg4
65. Kd6 1/2-1/2

[Event "Plymouth (MI Op/5/5)"]
[Site "?"]
[Date "1984.??.??"]
[Round "?"]
[White "Jarosz, Stan"]
[Black "Groisser, D.."]
[Result "1-0"]
[WhiteElo "2035"]
[BlackElo "2145"]
[PlyCount "58"]
[EventDate "1984.??.??"]

{5/(5)} 1. d4 Nf6 2. c4 e6 3. Nf3 b6 4. a3 Bb7 5. Nc3 d5 6. cxd5 Nxd5 7. e3 g6
8. Bb5+ c6 9. Bc4 Bg7 10. Qe2 O-O 11. O-O Qc8 12. Nxd5 exd5 13. Bd3 Ba6 14.
Bxa6 Qxa6 15. Qxa6 Nxa6 16. b3 Rac8 17. Bd2 c5 18. Rac1 Rfd8 19. Rfd1 Bf8 20.
a4 Nc7 21. dxc5 bxc5 22. Ba5 f6 23. Rd3 Kf7 24. Rcd1 Ke6 25. Nd2 Rd7 26. Ne4
Rf7 27. Nc3 c4 28. bxc4 dxc4 29. Rd4 Bd6 1-0

[Event "Plymouth (MI Op/3/57)"]
[Site "?"]
[Date "1984.??.??"]
[Round "?"]
[White "Jackson, J.."]
[Black "Steverson, Bunnard"]
[Result "1-0"]
[WhiteElo "1755"]
[BlackElo "1605"]
[PlyCount "145"]
[EventDate "1984.??.??"]

{3/(57)} 1. e4 c5 2. c3 e6 3. d4 Nc6 4. Nf3 d6 5. dxc5 d5 6. exd5 exd5 7. Be3
Nf6 8. h3 g6 9. Nbd2 Bg7 10. Bd3 O-O 11. O-O Re8 12. Re1 Be6 13. Nb3 Nd7 14.
Nfd4 Nce5 15. Nxe6 fxe6 16. Bb5 a6 17. Bxd7 Qxd7 18. Bd4 Nc4 19. Qe2 e5 20. Be3
Nxe3 21. Qxe3 d4 22. Qd3 Rad8 23. Rad1 Qa4 24. cxd4 exd4 25. Rxe8+ Rxe8 26. a3
Rd8 27. Nc1 Qc6 28. b4 a5 29. Qc4+ Qd5 30. Qxd5+ Rxd5 31. Nd3 axb4 32. axb4 Rd8
33. Kf1 Ra8 34. Rd2 Ra1+ 35. Ke2 Rg1 36. Kf3 Bh6 37. Re2 Rd1 38. Ke4 Bg7 39. b5
Kf8 40. c6 bxc6 41. bxc6 Ke7 42. Kd5+ Kd8 43. Nc5 Bh6 44. Ne6+ Kc8 45. Nxd4 Kc7
46. Re7+ Kc8 47. Rxh7 Bf4 48. Ke4 g5 49. Nb5 Rd8 50. Ra7 Kb8 51. c7+ Bxc7 52.
Rxc7 Re8+ 53. Kf3 Re5 54. Rf7 Rxb5 55. Kg3 Kc8 56. f4 Kd8 57. fxg5 Rxg5+ 58.
Kf3 Ke8 59. Rf4 Ra5 60. h4 Ra3+ 61. Kg4 Ke7 62. h5 Ra8 63. Kh4 Ra2 64. g4 Rh2+
65. Kg5 Ke6 66. Kg6 Rh4 67. h6 Ke5 68. Rf5+ Ke6 69. Rg5 Ke7 70. Kg7 Rh3 71. h7
Rf3 72. h8=Q Rf7+ 73. Kg6 1-0

[Event "Plymouth (MI Op/7/43)"]
[Site "?"]
[Date "1984.??.??"]
[Round "?"]
[White "Jackson, J.."]
[Black "Howell, P.."]
[Result "0-1"]
[WhiteElo "1755"]
[BlackElo "1605"]
[PlyCount "130"]
[EventDate "1984.??.??"]

{7/(43)} 1. e4 c5 2. c3 Nc6 3. d4 cxd4 4. cxd4 e6 5. Nc3 d5 6. exd5 exd5 7. Nf3
Nf6 8. Be2 Bf5 9. a3 Be7 10. O-O O-O 11. Nh4 Be6 12. Nf3 a6 13. h3 Qc7 14. Be3
Rac8 15. Rc1 b5 16. Qd2 Rfd8 17. Na2 Ne4 18. Qd1 Qd7 19. Nc3 f5 20. Ne5 Nxe5
21. dxe5 d4 22. Nxe4 Rxc1 23. Bxc1 fxe4 24. Bg4 Bxg4 25. Qxg4 Qxg4 26. hxg4 d3
27. Bd2 Rd5 28. Bc3 Bg5 29. g3 Bd8 30. Rd1 Bc7 31. e6 Be5 32. e7 Kf7 33. e8=Q+
Kxe8 34. Bxe5 Rxe5 35. Kg2 Rd5 36. Kf1 Kd7 37. Ke1 h5 38. gxh5 Rf5 39. Kf1 Rxh5
40. Kg2 Rd5 41. g4 g5 42. Kf1 Ke6 43. Ke1 Ke5 44. Kd2 Kf4 45. Re1 Rc5 46. Rb1
Rc2+ 47. Ke1 Kf3 48. b4 d2+ 49. Kd1 Rc1+ 50. Rxc1 dxc1=Q+ 51. Kxc1 Kxf2 52. Kc2
e3 53. Kd3 e2 54. Kd4 e1=Q 55. Kc5 Qc3+ 56. Kb6 Qxa3 57. Kc5 Ke3 58. Kb6 Kd4
59. Kb7 a5 60. bxa5 Qxa5 61. Kc6 Qa6+ 62. Kc7 Kd5 63. Kb8 Kc5 64. Kc7 Qa7+ 65.
Kd8 Kd6 0-1

[Event "Plymouth (MI Op/5/48)"]
[Site "?"]
[Date "1984.??.??"]
[Round "?"]
[White "Jackson, J.."]
[Black "Dinda, B.."]
[Result "1-0"]
[WhiteElo "1755"]
[BlackElo "1605"]
[PlyCount "121"]
[EventDate "1984.??.??"]

{5/(48)} 1. e4 c5 2. c3 Nc6 3. d4 cxd4 4. cxd4 e6 5. Nf3 d5 6. e5 Bb4+ 7. Nc3
Nge7 8. Bd3 b6 9. a3 Bxc3+ 10. bxc3 Ng6 11. O-O Nh4 12. Nxh4 Qxh4 13. Qf3 Bd7
14. Ba6 Ne7 15. Bd3 Ng6 16. g3 Qh3 17. Re1 Nh4 18. Qh1 Rc8 19. Bf1 Qg4 20. Be2
Qg6 21. Bd2 f6 22. Kf1 Nf5 23. Ba6 Rb8 24. exf6 Qxf6 25. Qxd5 Ne7 26. Qe5 Qxe5
27. Rxe5 b5 28. c4 Nc6 29. Re4 bxc4 30. Bxc4 Rb2 31. Bf4 Kf7 32. d5 exd5 33.
Bxd5+ Kg6 34. Bxc6 Bf5 35. Rd4 Bh3+ 36. Kg1 Rc8 37. Rd6+ Kf7 38. Bd5+ Kf8 39.
Be6 Rcc2 40. Be3 Ke7 41. Bxh3 Kxd6 42. Rd1+ Ke5 43. Bd4+ Ke4 44. Bg2+ Kf5 45.
Bxb2 Rxb2 46. Rd3 h6 47. Bf3 g6 48. Kg2 h5 49. Rd5+ Ke6 50. Ra5 Kf6 51. Rxa7
Rb5 52. a4 Re5 53. a5 Re8 54. a6 Rh8 55. Rc7 g5 56. a7 h4 57. a8=Q h3+ 58. Kf1
Rxa8 59. Bxa8 g4 60. Ke2 Kf5 61. Ke3 1-0

[Event "Plymouth (MI Op/1a/18)"]
[Site "?"]
[Date "1984.??.??"]
[Round "?"]
[White "Jackson, J.."]
[Black "Bassin, C.."]
[Result "0-1"]
[WhiteElo "1755"]
[BlackElo "2035"]
[PlyCount "62"]
[EventDate "1984.??.??"]

1. e4 g6 2. d4 c5 3. c4 Bg7 4. Nf3 Nc6 5. dxc5 Qa5+ 6. Qd2 Qxc5 7. Nc3 Nf6 8.
Be2 d6 9. O-O Bg4 10. Qe3 O-O 11. Qxc5 dxc5 12. h3 Bxf3 13. Bxf3 Nd4 14. Bd1
Rfd8 15. Be3 Ne8 16. Nd5 e6 17. Nc3 b6 18. Rc1 Nd6 19. b3 Rd7 20. Bxd4 cxd4 21.
Nb5 Nxe4 22. Bf3 f5 23. Rfe1 d3 24. Bxe4 fxe4 25. Rxe4 a6 26. Rxe6 axb5 27.
Rxb6 bxc4 28. bxc4 Rxa2 29. c5 d2 30. Rd1 Ra1 31. Rxa1 Bxa1 0-1

[Event "East Detroit (MCO/3/31)"]
[Site "?"]
[Date "1984.??.??"]
[Round "?"]
[White "Jackson, C.."]
[Black "Tallosy, M.."]
[Result "0-1"]
[WhiteElo "1605"]
[BlackElo "1745"]
[PlyCount "93"]
[EventDate "1984.??.??"]

{3/(31)} 1. d4 Nf6 2. Nf3 d6 3. c4 Nbd7 4. Nc3 e6 5. e4 c5 6. e5 cxd4 7. Qxd4
dxe5 8. Nxe5 Bc5 9. Qf4 Bd6 10. Qh4 Bxe5 11. Bd2 Nc5 12. Qg5 Nfd7 13. Qxd8+
Kxd8 14. Be3 Bxc3+ 15. bxc3 b6 16. Rd1 Ke7 17. Be2 Bb7 18. O-O Rad8 19. f4 f6
20. Rd4 Na4 21. Bd2 Ndc5 22. Rd1 Rd7 23. Rxd7+ Nxd7 24. Be1 Ndc5 25. Rd4 Rd8
26. Bd1 Nb2 27. Bb3 Ba6 28. Rxd8 Kxd8 29. Bd2 Nxc4 30. Bxc4 Bxc4 31. a3 Kc7 32.
Kf2 Ne4+ 33. Ke3 Nxd2 34. Kxd2 Kc6 35. Ke3 Kc5 36. Kd2 Bd5 37. g3 Kc4 38. Kc2
Be4+ 39. Kb2 b5 40. h3 a5 41. g4 a4 42. h4 h6 43. h5 Bd3 44. g5 fxg5 45. fxg5
hxg5 46. h6 gxh6 47. Ka2 0-1

[Event "East Detroit (MCO/1/24)"]
[Site "?"]
[Date "1984.??.??"]
[Round "?"]
[White "Jackson, C.."]
[Black "Mason, D.."]
[Result "0-1"]
[WhiteElo "1605"]
[BlackElo "1955"]
[PlyCount "58"]
[EventDate "1984.??.??"]

{1/(24)} 1. d4 Nf6 2. Nf3 e6 3. c4 b6 4. Nc3 Bb4 5. Bd2 O-O 6. e4 Bxc3 7. Bxc3
Nxe4 8. Qc2 Nxc3 9. Qxc3 Bb7 10. Be2 d6 11. O-O-O Nd7 12. h4 Nf6 13. Rdg1 Rc8
14. g4 c5 15. Rh2 cxd4 16. Nxd4 d5 17. b3 Qd6 18. Rh3 Rfd8 19. Rd1 dxc4 20.
bxc4 Nd5 21. Qb2 Qf4+ 22. Kb1 Nf6 23. f3 e5 24. Nf5 Rxd1+ 25. Bxd1 Rxc4 26. Qa3
g6 27. Ne7+ Kg7 28. g5 Nd5 29. Qxa7 Qc1# 0-1

[Event "East Detroit (MCO/5/42)"]
[Site "?"]
[Date "1984.??.??"]
[Round "?"]
[White "Jackson, C.."]
[Black "Bolter, C.."]
[Result "1-0"]
[WhiteElo "1605"]
[BlackElo "1605"]
[PlyCount "93"]
[EventDate "1984.??.??"]

{5/(42)} 1. d4 Nf6 2. Nf3 g6 3. e3 Bg7 4. Be2 O-O 5. O-O d6 6. c4 Nbd7 7. Nc3
e5 8. e4 exd4 9. Nxd4 a6 10. Bg5 h6 11. Be3 Nc5 12. f3 Ne6 13. Qd2 Kh7 14. f4
c5 15. Nxe6 fxe6 16. f5 exf5 17. Bd3 fxe4 18. Nxe4 Nxe4 19. Bxe4 Rb8 20. Rxf8
Bxf8 21. Bxc5 Bf5 22. Bxf5 gxf5 23. Bd4 Qg5 24. Be3 Qf6 25. Rf1 Bg7 26. b3 Rf8
27. Bf4 Qd4+ 28. Be3 Qxd2 29. Bxd2 Be5 30. Rf3 f4 31. g3 Rg8 32. Bxf4 Bd4+ 33.
Kg2 Bc5 34. Rd3 Rg6 35. Be3 b6 36. Kf3 Rf6+ 37. Ke2 Kg6 38. Bxc5 dxc5 39. Rd7
a5 40. Rd3 Kh5 41. Rf3 Kg5 42. Rxf6 Kxf6 43. Kf3 Kf5 44. h3 Kg5 45. Ke4 h5 46.
Ke5 Kg6 47. h4 1-0

[Event "East Detroit (MCO/6/23)"]
[Site "?"]
[Date "1984.??.??"]
[Round "?"]
[White "Iverson, B.."]
[Black "Manion, Tom"]
[Result "1/2-1/2"]
[WhiteElo "1655"]
[BlackElo "1760"]
[PlyCount "71"]
[EventDate "1984.??.??"]

{6/(23)} 1. d4 Nf6 2. Nf3 g6 3. c4 Bg7 4. Nc3 O-O 5. e4 d6 6. Bd3 e5 7. d5 Nbd7
8. Bg5 h6 9. Be3 a5 10. h3 Nh5 11. Qd2 g5 12. g4 Nf4 13. Bxf4 exf4 14. Bc2 Ne5
15. Nxe5 Bxe5 16. f3 c6 17. O-O-O cxd5 18. Nxd5 Kg7 19. Ba4 Be6 20. Rh2 Rc8 21.
Bb5 Rc5 22. Kb1 Bd7 23. a4 Bxb5 24. cxb5 Rc4 25. b3 Rd4 26. Qc1 Qb8 27. Rc2
Rxd1 28. Qxd1 Rc8 29. Qc1 Rxc2 30. Qxc2 Bd4 31. b6 Be5 32. Qc7 Qa8 33. Qc4 Qe8
34. Qc7 Qa8 35. Qc4 Qe8 36. Nc7 1/2-1/2

[Event "East Detroit (MCO/5/18)"]
[Site "?"]
[Date "1984.??.??"]
[Round "?"]
[White "Iverson, B.."]
[Black "Everett, Morgan"]
[Result "0-1"]
[WhiteElo "1655"]
[BlackElo "2045"]
[PlyCount "96"]
[EventDate "1984.??.??"]

{5/(18)} 1. d4 f5 2. Bg5 d5 3. g3 Nf6 4. Bg2 e6 5. c4 c6 6. Nd2 Be7 7. cxd5
exd5 8. Nh3 O-O 9. O-O Qe8 10. e3 Nbd7 11. Nf4 Bd6 12. Ne2 Kh8 13. Bf4 Be7 14.
Be5 Nxe5 15. dxe5 Ng4 16. Nf3 Bc5 17. Qb3 Nxe5 18. Qc3 Bd6 19. Ng5 Qh5 20. f4
Nc4 21. Bf3 Qe8 22. Kf2 Bd7 23. h4 Qe7 24. Nd4 Rae8 25. Rae1 Bb4 26. Qc1 Bxe1+
27. Rxe1 Qf6 28. Nc2 Qxb2 29. Bh5 Qxc1 30. Rxc1 g6 31. Be2 Nd6 32. h5 Ne4+ 33.
Kg2 Nxg5 34. fxg5 c5 35. hxg6 hxg6 36. Kf2 b6 37. Bf3 Re5 38. Ne1 Bc6 39. Nd3
Re6 40. Nf4 Rd6 41. g4 Kg7 42. Kg3 fxg4 43. Bxg4 Re8 44. Kf2 Re4 45. Rd1 Bd7
46. Bf3 d4 47. exd4 Rexd4 48. Rxd4 cxd4 0-1

[Event "East Detroit (MCO/3/40)"]
[Site "?"]
[Date "1984.??.??"]
[Round "?"]
[White "Iverson, B.."]
[Black "Clark, K.."]
[Result "1-0"]
[WhiteElo "1655"]
[BlackElo "1605"]
[PlyCount "81"]
[EventDate "1984.??.??"]

{3/(40)} 1. d4 Nf6 2. Nf3 d5 3. e3 Nc6 4. c4 dxc4 5. Bxc4 Bg4 6. h3 Bh5 7. Qb3
Na5 8. Qa4+ c6 9. Bd3 Bxf3 10. gxf3 b5 11. Qc2 Rc8 12. Nd2 e6 13. a3 c5 14.
Bxb5+ Nd7 15. Qd3 cxd4 16. Qxd4 Ra8 17. b4 Nb7 18. Bb2 Nd6 19. Ba4 f6 20. e4
Be7 21. Rg1 O-O 22. Bb3 Kh8 23. Bxe6 Ne5 24. f4 Nc6 25. Qe3 Ne8 26. Rc1 Qd6 27.
Bd5 Rc8 28. b5 Nb4 29. Rxc8 Qd7 30. Rc1 Qxb5 31. axb4 Bxb4 32. Qe2 Qb6 33. Bc3
Bc5 34. Rb1 Qd6 35. Qf3 Nc7 36. Rb7 Re8 37. Nc4 Qxd5 38. Rxc7 Rxe4+ 39. Ne3
Rxe3+ 40. fxe3 Qd8 41. Rgxg7 1-0

[Event "Plymouth (MI Op/1b/28)"]
[Site "?"]
[Date "1984.??.??"]
[Round "?"]
[White "Hutchings, C.."]
[Black "Herzog, M.."]
[Result "1-0"]
[WhiteElo "1605"]
[BlackElo "1620"]
[PlyCount "27"]
[EventDate "1984.??.??"]

1. d4 Nf6 2. e3 e6 3. Bd3 c5 4. c3 Nc6 5. Nd2 b6 6. f4 Bb7 7. Ngf3 Bd6 8. O-O
O-O 9. Ne5 Nd5 10. Rf3 cxd4 11. Bxh7+ Kh8 12. Rh3 g5 13. Bd3+ Kg7 14. Qh5 1-0

[Event "Plymouth (MI Op/3/64)"]
[Site "?"]
[Date "1984.??.??"]
[Round "?"]
[White "Hutchings, C.."]
[Black "Garrison, Ray"]
[Result "1-0"]
[WhiteElo "1605"]
[BlackElo "1740"]
[PlyCount "120"]
[EventDate "1984.??.??"]

{3/(64)} 1. d4 e6 2. e3 f5 3. Bd3 d5 4. Nf3 Nf6 5. Nbd2 Bd6 6. Ne5 Bxe5 7. dxe5
Ng4 8. Qf3 Nxe5 9. Qg3 Qf6 10. O-O g5 11. Rb1 h5 12. f4 Nxd3 13. cxd3 h4 14.
Qxg5 Qxg5 15. fxg5 Nc6 16. b4 e5 17. Bb2 a6 18. Nf3 d4 19. exd4 Nxb4 20. Nxe5
Rh5 21. Rfe1 Kf8 22. a3 Nd5 23. g6 Kg7 24. Kf2 Nf4 25. Rbc1 c6 26. Kf3 Nxg6 27.
Nxg6 Kxg6 28. Re8 Kf7 29. Rce1 Rh7 30. d5 Kg6 31. Kf4 Rd7 32. Rg8+ Kf7 33. Ree8
Rxd5 34. Rgf8+ Kg6 35. Rxc8 Rxc8 36. Rxc8 Rxd3 37. Rg8+ Kh6 38. Rh8+ Kg6 39.
Rg8+ Kh6 40. Rf8 Rd2 41. Bc1 Rc2 42. Be3 Kg6 43. Rg8+ Kf7 44. Rh8 Kg6 45. Rxh4
Rc4+ 46. Kg3 Rc3 47. Kf3 Rxa3 48. Rh6+ Kg7 49. Re6 Kf7 50. Re5 Kf6 51. Kf4 Ra4+
52. Kf3 Kxe5 53. g3 Ra3 54. h4 c5 55. h5 c4 56. h6 Ra1 57. Kg2 Rd1 58. Bg5 Rd8
59. Bxd8 c3 60. h7 c2 1-0

[Event "Plymouth (MI Op/5/54)"]
[Site "?"]
[Date "1984.??.??"]
[Round "?"]
[White "Hutchings, C.."]
[Black "Brattin, Brian"]
[Result "1-0"]
[WhiteElo "1605"]
[BlackElo "1690"]
[PlyCount "79"]
[EventDate "1984.??.??"]

{5/(54)} 1. d4 Nf6 2. e3 d5 3. Bd3 e6 4. Nd2 c5 5. c3 b6 6. f4 Ba6 7. Qe2 Bxd3
8. Qxd3 Qc7 9. Ngf3 Nfd7 10. O-O Nc6 11. Ne5 f6 12. Nxd7 Kxd7 13. e4 dxe4 14.
Nxe4 cxd4 15. cxd4 Nb4 16. Qf3 Nc2 17. Rb1 Nb4 18. Bd2 f5 19. Ng3 Rc8 20. Rbc1
Qb8 21. Rxc8 Qxc8 22. Rc1 Qb8 23. Bxb4 Bxb4 24. Qc6+ Ke7 25. Qc7+ Qxc7 26.
Rxc7+ Kf6 27. Rxa7 g6 28. Rb7 Bd2 29. Ne2 Be3+ 30. Kf1 Ra8 31. a3 Rd8 32. Rxb6
Bxd4 33. Nxd4 Rxd4 34. g3 Ra4 35. Rb4 Rxb4 36. axb4 e5 37. b5 Ke6 38. b6 Kd7
39. fxe5 Kc6 40. e6 1-0

[Event "Plymouth (MI Op/3/54)"]
[Site "?"]
[Date "1984.??.??"]
[Round "?"]
[White "Howell, P.."]
[Black "Thurman, John"]
[Result "0-1"]
[WhiteElo "1605"]
[BlackElo "1785"]
[PlyCount "100"]
[EventDate "1984.??.??"]

{3/(54)} 1. e4 c5 2. Nf3 d6 3. d4 cxd4 4. Nxd4 Nf6 5. Nc3 e6 6. Bg5 Be7 7. Bc4
Nc6 8. Qd2 O-O 9. O-O-O Bd7 10. Ndb5 Na5 11. Be2 Bxb5 12. Bxb5 a6 13. Ba4 b5
14. Bb3 Nxb3+ 15. axb3 b4 16. Na4 Nxe4 17. Bxe7 Qxe7 18. Qd4 d5 19. f3 Nf6 20.
g4 Nd7 21. h4 Qf6 22. Qxf6 gxf6 23. Rhe1 Rfc8 24. Rd2 Rc6 25. Red1 Ne5 26. Rf1
Rac8 27. h5 h6 28. Kb1 Kf8 29. Rff2 Ke7 30. Rd4 a5 31. Rf4 Nd3 32. cxd3 Rc1+
33. Ka2 Rd1 34. Nc3 bxc3 35. Rc2 e5 36. Ra4 d4 37. bxc3 Rxc3 38. Rc4 Rxc2+ 39.
Rxc2 Rxd3 40. Rf2 Rc3 41. Kb2 Kd6 42. f4 e4 43. g5 fxg5 44. fxg5 hxg5 45. Rh2
Rc8 46. Rg2 f6 47. Rc2 Rh8 48. Rh2 Rh6 49. Kc2 f5 50. Kd2 f4 0-1

[Event "Plymouth (MI Op/1b/45)"]
[Site "?"]
[Date "1984.??.??"]
[Round "?"]
[White "Howell, P.."]
[Black "Steverson, Bunnard"]
[Result "0-1"]
[WhiteElo "1605"]
[BlackElo "1605"]
[PlyCount "74"]
[EventDate "1984.??.??"]

1. e4 c5 2. Nf3 e6 3. d4 cxd4 4. Nxd4 Nf6 5. Nc3 Nc6 6. Bg5 Be7 7. Nxc6 bxc6 8.
Bd3 Qa5 9. Bd2 Qc7 10. f4 e5 11. Qf3 d6 12. h3 Bb7 13. fxe5 dxe5 14. Bc4 O-O
15. O-O-O Rab8 16. Rhf1 Qa5 17. g4 Ba6 18. Nd5 Qc5 19. Nxe7+ Qxe7 20. Bxa6 Rb6
21. Bc4 Qb7 22. b3 c5 23. g5 Nxe4 24. Ba5 Nxg5 25. Qf5 Rg6 26. Rd7 Qc8 27. Rfd1
Ne6 28. Bxe6 Rxe6 29. Rd8 Qa6 30. R1d7 f6 31. Bd2 Qb6 32. Rxf8+ Kxf8 33. Rd3 g6
34. Qf2 e4 35. Re3 f5 36. Bc3 Qd6 37. Qf4 Qxf4 0-1

[Event "Plymouth (MI Op/6/65)"]
[Site "?"]
[Date "1984.??.??"]
[Round "?"]
[White "Howell, P.."]
[Black "Griffin, John"]
[Result "1-0"]
[WhiteElo "1605"]
[BlackElo "1605"]
[PlyCount "43"]
[EventDate "1984.??.??"]

{6/(65)} 1. e4 c5 2. Nf3 Nc6 3. d4 cxd4 4. Nxd4 Nf6 5. Nc3 e5 6. Nf3 Bb4 7. Bd2
O-O 8. Bd3 Bxc3 9. Bxc3 Qc7 10. O-O d5 11. exd5 Nxd5 12. Bd2 Bg4 13. Bxh7+ Kh8
14. Be4 Rad8 15. h3 Bxf3 16. Qxf3 g6 17. Bxd5 Rxd5 18. Qf6+ Kh7 19. Qh4+ Kg7
20. Bh6+ Kh7 21. Bg5+ Kg8 22. Bf6 1-0

[Event "Plymouth (MI Op/7/64)"]
[Site "?"]
[Date "1984.??.??"]
[Round "?"]
[White "Herzog, M.."]
[Black "Shields, S.."]
[Result "1-0"]
[WhiteElo "1620"]
[BlackElo "1605"]
[PlyCount "92"]
[EventDate "1984.??.??"]

{7/(64)} 1. e4 e6 2. d4 Nc6 3. Nf3 Nf6 4. e5 Nd5 5. c4 Ndb4 6. a3 Na6 7. Bd2 d5
8. b4 dxc4 9. Bc3 b5 10. a4 Naxb4 11. axb5 Nb8 12. Bxc4 Be7 13. O-O O-O 14. Qb3
Nd5 15. Bd2 Bb7 16. Nc3 Nxc3 17. Qxc3 h6 18. Rfd1 c6 19. Qb3 cxb5 20. Bxb5 Qb6
21. Ba5 Bd5 22. Qxd5 exd5 23. Bxb6 a6 24. Rdc1 axb5 25. Rxa8 Nd7 26. Rxf8+ Bxf8
27. Bc5 Bxc5 28. dxc5 d4 29. c6 Nb6 30. c7 Nc8 31. Nxd4 b4 32. Rb1 Kf8 33. Nb5
Ke8 34. Rxb4 Kd7 35. Rd4+ Kc6 36. Rd8 Kb7 37. Nd6+ Kxc7 38. Rxc8+ Kd7 39. f4 g6
40. Rf8 f5 41. Rf7+ Kc6 42. Rf6 g5 43. fxg5 hxg5 44. Rxf5 Kd5 45. Rxg5 Ke6 46.
h4 Ke7 1-0

[Event "Plymouth (MI Op/5/42)"]
[Site "?"]
[Date "1984.??.??"]
[Round "?"]
[White "Herzog, M.."]
[Black "Long, Randy"]
[Result "0-1"]
[WhiteElo "1620"]
[BlackElo "1815"]
[PlyCount "118"]
[EventDate "1984.??.??"]

{5/(42)} 1. e4 c5 2. c3 d5 3. exd5 Qxd5 4. d4 cxd4 5. cxd4 Nc6 6. Nf3 Bg4 7.
Nc3 Qd7 8. Bb5 e6 9. Ne5 Bxd1 10. Bxc6 Qxc6 11. Nxc6 bxc6 12. Nxd1 Bb4+ 13. Nc3
Ne7 14. O-O O-O 15. Na4 Nf5 16. Rd1 Rfd8 17. Be3 Be7 18. Rd3 c5 19. d5 Nxe3 20.
fxe3 Rxd5 21. Rxd5 exd5 22. Rd1 Rd8 23. Kf1 g6 24. Nc3 d4 25. exd4 cxd4 26. Nb5
Bc5 27. b4 Bxb4 28. Rxd4 Rxd4 29. Nxd4 f5 30. Ke2 Bc5 31. Nf3 Kg7 32. Ng5 Bd6
33. h3 h6 34. Nf3 Kf6 35. Kd3 g5 36. g4 fxg4 37. hxg4 Kg6 38. Ke4 h5 39. gxh5+
Kxh5 40. Nxg5 Kxg5 41. a4 Bh2 42. Kd5 Kf5 43. Kc4 Ke4 44. Kb5 Kd5 45. Ka6 Bg1
46. Kb5 Kd4 47. Kb4 Bf2 48. Kb5 Kc3 49. a5 Kb3 50. a6 Bb6 51. Kc6 Kb4 52. Kd5
Kb5 53. Ke4 Kxa6 54. Kd3 Kb5 55. Kc3 a5 56. Kb3 a4+ 57. Ka3 Bc5+ 58. Kb2 Kb4
59. Ka2 Bd4 0-1

[Event "Plymouth (MI Op/4/71)"]
[Site "?"]
[Date "1984.??.??"]
[Round "?"]
[White "Herzog, M.."]
[Black "DuVall, D.."]
[Result "1-0"]
[WhiteElo "1620"]
[BlackElo "1605"]
[PlyCount "47"]
[EventDate "1984.??.??"]

{4/(71)} 1. e4 e5 2. Nf3 Nc6 3. d4 d6 4. dxe5 dxe5 5. Qxd8+ Kxd8 6. Bc4 f5 7.
O-O fxe4 8. Ng5 Nf6 9. Nf7+ Ke7 10. Nxh8 Be6 11. Bxe6 Kxe6 12. a3 Bc5 13. h3
Rxh8 14. Nc3 Nd4 15. Na4 Kd5 16. Rd1 Rd8 17. c3 Kc6 18. cxd4 exd4 19. Nxc5 Kxc5
20. Be3 Kb6 21. Bxd4+ Ka6 22. Bxf6 Rxd1+ 23. Rxd1 gxf6 24. Rd7 1-0

[Event "Plymouth (MI Op/2/76)"]
[Site "?"]
[Date "1984.??.??"]
[Round "?"]
[White "Herzog, M.."]
[Black "Carpenter, O.."]
[Result "0-1"]
[WhiteElo "1620"]
[BlackElo "1605"]
[PlyCount "106"]
[EventDate "1984.??.??"]

{2/(76)} 1. e4 c5 2. c3 d5 3. exd5 Qxd5 4. Nf3 Nf6 5. d4 e6 6. Nbd2 Be7 7. Bc4
Qd8 8. O-O O-O 9. Nb3 b6 10. Bg5 Nbd7 11. Re1 Re8 12. d5 Nf8 13. Bb5 Bd7 14.
Bxd7 N6xd7 15. dxe6 Nxe6 16. Bxe7 Rxe7 17. Qd6 Qe8 18. Rad1 Rd8 19. h4 Nf6 20.
Qe5 Rxd1 21. Rxd1 Nd4 22. Qg5 Nxf3+ 23. gxf3 Re1+ 24. Rxe1 Qxe1+ 25. Kg2 Qe6
26. Qf4 Qc8 27. Nd2 h6 28. Ne4 Nxe4 29. fxe4 Qe8 30. Qe3 Qe6 31. b3 Qg4+ 32.
Kf1 Qd1+ 33. Qe1 Qd3+ 34. Kg2 Qd6 35. Qe2 Qg6+ 36. Kf1 Qe6 37. Qf3 Kh7 38. Qf5+
Qxf5 39. exf5 Kg8 40. f4 Kf8 41. Ke2 Ke7 42. Ke3 Kf6 43. Ke4 Ke7 44. h5 Kf6 45.
a3 g6 46. fxg6 fxg6 47. hxg6 Kxg6 48. Ke5 h5 49. Ke6 Kg7 50. Ke7 Kg6 51. Ke6
Kg7 52. c4 h4 53. f5 Kf8 0-1

[Event "Plymouth (MI Op/2/61)"]
[Site "?"]
[Date "1984.??.??"]
[Round "?"]
[White "Hendricks, Marcus"]
[Black "Zorn, G.."]
[Result "1-0"]
[WhiteElo "1805"]
[BlackElo "1605"]
[PlyCount "83"]
[EventDate "1984.??.??"]

{2/(61)} 1. c4 e5 2. Nc3 Nc6 3. Nf3 Bc5 4. g3 d6 5. Bg2 Be6 6. d3 Qd7 7. a3 h6
8. b4 Bd4 9. Nxd4 Nxd4 10. Bxb7 Rb8 11. Bg2 Bh3 12. Be4 f5 13. Bd5 Nf6 14. e3
Nc6 15. Bb2 Ne7 16. Bf3 a5 17. Bh5+ g6 18. Bf3 Kf7 19. b5 Bg4 20. Bxg4 Nxg4 21.
a4 c6 22. O-O Qb7 23. Qb3 c5 24. d4 Kg7 25. dxc5 dxc5 26. Rad1 Rhd8 27. h3 Nf6
28. Qc2 h5 29. Ne2 e4 30. Nf4 Kf7 31. Rd2 Rxd2 32. Qxd2 g5 33. Bxf6 Kxf6 34.
Qd6+ Kf7 35. Nxh5 Qb6 36. Qe5 Rg8 37. Rd1 Rg6 38. Rd7 Qe6 39. Qc7 Rg8 40. b6
Ke8 41. b7 Kf7 42. Rd6 1-0